Note sur des formules d’introduction à l’energétique physio- et psycho-sociologique / (Record no. 171846)

MARC details
000 -LEADER
campo de control de longitud fija 00688nam a22002055i 4500
001 - NÚMERO DE CONTROL
campo de control 171846
003 - IDENTIFICADOR DE NÚMERO DE CONTROL
campo de control ES-MaACL
005 - FECHA Y HORA DE LA ÚLTIMA TRANSACCIÓN
campo de control 20250822035250.0
008 - DATOS DE LONGITUD FIJA--INFORMACIÓN GENERAL
campo de control de longitud fija 090603s1906 be |||| | fre d
100 1# - ENTRADA PRINCIPAL--NOMBRE DE PERSONA
Nombre de persona Solvay, Ernest.
9 (RLIN) 132809
245 10 - MENCIÓN DEL TÍTULO
Título Note sur des formules d’introduction à l’energétique physio- et psycho-sociologique /
Mención de responsabilidad, etc. par Ernest Solvay.
260 ## - PUBLICACIÓN, DISTRIBUCIÓN, ETC.
Lugar de publicación, distribución, etc. Bruxelles :
Nombre del editor, distribuidor, etc. Misch & Thron,
Fecha de publicación, distribución, etc. 1906.
300 ## - DESCRIPCIÓN FÍSICA
Extensión 26 p. ;
Dimensiones 27 cm.
490 1# - MENCIÓN DE SERIE
Mención de serie Notes et memoires ;
Designación de volumen o secuencia fasc. 1
650 17 - PUNTO DE ACCESO ADICIONAL DE MATERIA--TÉRMINO DE MATERIA
Término de materia o nombre geográfico como elemento de entrada Sociología
Fuente del encabezamiento o término embne
9 (RLIN) 17195
650 07 - PUNTO DE ACCESO ADICIONAL DE MATERIA--TÉRMINO DE MATERIA
Término de materia o nombre geográfico como elemento de entrada Psicología social
Fuente del encabezamiento o término embne
9 (RLIN) 16573
830 0# - PUNTO DE ACCESO ADICIONAL DE SERIE-TÍTULO UNIFORME
Título uniforme Notes et memoires ;
Designación de volumen o secuencia fasc. 1
9 (RLIN) 223219
852 ## - LOCALIZACIÓN
Ubicación ES-MaACL
Número de control de estantería G-13987
Holdings
Estatus retirado Estado de pérdida Estado de daño No para préstamo Biblioteca de origen Biblioteca actual Ubicación en estantería Fecha de adquisición Fuente de adquisición Total de préstamos Signatura topográfica completa Código de barras Visto por última vez Precio de reemplazo Tipo de ítem Koha
        Biblioteca del Ateneo de Madrid Biblioteca del Ateneo de Madrid Sala Pecera Planta 3 03/06/2009     G-13987 1180348 23/02/2023 23/02/2023 Libro impreso